000 00473nam a2200181Ia 4500
005 20250923144916.0
008 008 250917s9999 xx 000 0 eng d
037 _aTextual
040 _aDSWL
_beng
_cDSWL
041 _aeng
_2eng
084 _aL:4610g
_qDSWL
245 0 _aMalnutrition and Food Habitués
_cEd. by A. Burgess
365 _aINR
_b20
700 _aR.F.A.Dean
_9829678
925 _g20
942 _cTEXL
_hL:4610g
999 _c1444850
_d1444850